000
00337 a2200145 4500
001
185475
020
_a
040
_c
Magnum
100
_a
Regina, Tia
240
1
0
_a
A cidade subterrânea / a lagoa azul
_l
por
245
1
0
_a
A cidade subterrânea / a lagoa azul
300
_a
15
697
_a
LITERATURA INFANTO-JUVENIL
942
_c
BK
999
_c
185475
_d
185475